Представление документа в формате MARC21

Поле Инд. ПП Название Значение
Тип записи a
Библиографический уровень m
001 Контрольный номер RU/LIBMSTU/262786958
005 Дата корректировки 20190114144839.0
020 00 a ISBN 5-89939-084-5
c Цена, тираж 104-76; 108-00; 101-26
084 a Индекс другой классификации/Индекс ББК 88.4я7
090 00 a Полочн. индекс 88
x Авторский знак Н 84
100 10 a Автор Носс И. Н.
245 00 a Заглавие Введение в технологию психодиагностики
260 00 a Место издания Москва
b Издательство Изд-во Ин-та психотерапии
c Дата издания 2003
300 00 a Объем 251 с.
650 _4 a Основная рубрика Психодиагностика-Учебные издания для высших учебных заведений
653 00 a Ключевые слова Исследования психологические
a Ключевые слова Психологическая диагностика
a Ключевые слова Психометрия
a Ключевые слова Тесты психологические
901 t Тип документа m
990 00 f Даты поступлений (DOS) 01.04
f Даты поступлений (DOS) 01.04
f Даты поступлений (DOS) 05.03